Galatasaray Vs Fenerbahce - Statistics

General Stats
  • This quiz has been taken 83 times
  • The average score is 8 of 22
Answer Stats
Hint Answer % Correct
GK(2011-25 Fernando Muslera
97%
GK(2002-19 Volkan Demirel
87%
FW(1992~2008 Hakan Şükür
75%
MF(2004-13 Alex
70%
FW(1955~69 Metin Oktay
61%
DF(1987-2005 Bülent Korkmaz
58%
DF(2007-16 Gökhan Gönül
54%
MF(1996-2001 Gheorge Hagi
52%
DF(2002-2017 Sabri Sarıoğlu
45%
MF(1998-2009 Hasan Şaş
41%
FW(1947~64 Lefter Küçükandonyadis
32%
MF(1987-99 Tugay Kerimoğlu
25%
MF(1991~2005 Arif Erdem
24%
MF(2002-15 Selçuk Şahin
24%
DF(1994-2007 Ergün Penbe
20%
DF(1973~91 Cüneyt Tanman
6%
DF(1993-2002 Uche Okechukwu
6%
MF(1979-96 Müjdat Yetkiner
4%
DF(1976-87 Cem Pamiroğlu
0%
FW(1928-47 Fikret Arıcan
0%
FW(1938-49 Melih Kotanca
0%
DF(1964-79 Ziya Şengül
0%
No matching quizzes found
Score Distribution
Percent of People with Each Score
Percentile by Number Answered
Your Score History
You have not taken this quiz